<?xml version="1.0" encoding="UTF-8"?>
<record
    xmlns:xsi="http://www.w3.org/2001/XMLSchema-instance"
    xsi:schemaLocation="http://www.loc.gov/MARC21/slim http://www.loc.gov/standards/marcxml/schema/MARC21slim.xsd"
    xmlns="http://www.loc.gov/MARC21/slim">

  <leader>02786nam a2200301Ia 4500</leader>
  <controlfield tag="005">20220317001426.0</controlfield>
  <controlfield tag="008">161108s2013    ck abo g      000 0 s    </controlfield>
  <datafield tag="020" ind1=" " ind2=" ">
    <subfield code="a">9789587585971</subfield>
  </datafield>
  <datafield tag="082" ind1=" " ind2=" ">
    <subfield code="a">909.82</subfield>
    <subfield code="b">U73c</subfield>
  </datafield>
  <datafield tag="100" ind1=" " ind2=" ">
    <subfield code="a">Uribe, Diana</subfield>
    <subfield code="d">1959-</subfield>
  </datafield>
  <datafield tag="245" ind1=" " ind2=" ">
    <subfield code="a">100 momentos que marcaron el mundo contempor&#xE1;neo</subfield>
    <subfield code="c">Diana Uribe</subfield>
  </datafield>
  <datafield tag="250" ind1=" " ind2=" ">
    <subfield code="a">Primera edici&#xF3;n</subfield>
  </datafield>
  <datafield tag="300" ind1=" " ind2=" ">
    <subfield code="a">2 vol&#xF9;menes</subfield>
    <subfield code="b">ilustraciones, mapas y fotograf&#xED;as en color</subfield>
    <subfield code="c">29 cm</subfield>
    <subfield code="e">10 CDS</subfield>
  </datafield>
  <datafield tag="500" ind1=" " ind2=" ">
    <subfield code="a">Incluye 10 CDs ; Tomo dos ISBN 978-958-758-598-8</subfield>
  </datafield>
  <datafield tag="505" ind1=" " ind2=" ">
    <subfield code="a">|g tomo 1 -- El fin de la esclavitud, c&#xF3;mo instituci&#xF3;n en el mundo -- El gram&#xF3;fono, el origen de la reproducci&#xF3;n musical -- El nacimiento del cine -- El psicoan&#xE1;lisis, la formulaci&#xF3;n del inconsciente -- La olimpiadas modernas -- La aviaci&#xF3;n, el sue&#xF1;o de &#xCD;caro -- La revoluci&#xF3;n bolchevique -- El fascismo, la marcha sobre Roma -- Mahatma Gandhi, lidera la marcha de la sal -- Guerra civil espa&#xF1;ola -- El existencialismo, la filosof&#xED;a de un mundo en crisis |g tomo 2 -- El sintetizador Moog -- Las dictaduras militares del cono sur -- La cultura pop -- La llegada del hombre a la luna -- Woodstock, el hippismo y la contracultura -- El cordobazo, movimientos estudiantiles en Am&#xE9;rica latina -- Los videojuegos -- La crisis energ&#xE9;tica -- La revoluci&#xF3;n de los claveles -- Revoluci&#xF3;n sandinista en Nicaragua -- La revoluci&#xF3;n fundamentalista isl&#xE1;mica-iran&#xED; -- La guerra de las Malvinas</subfield>
  </datafield>
  <datafield tag="650" ind1="1" ind2="4">
    <subfield code="2">LEMB</subfield>
    <subfield code="a">Historia moderna</subfield>
    <subfield code="y">Siglo XX</subfield>
  </datafield>
  <datafield tag="650" ind1="1" ind2="4">
    <subfield code="2">LEMB</subfield>
    <subfield code="a">Civilizacion moderna</subfield>
    <subfield code="y">Siglo XX</subfield>
  </datafield>
  <datafield tag="650" ind1="1" ind2="4">
    <subfield code="2">LEMB</subfield>
    <subfield code="a">Historia universal</subfield>
    <subfield code="y">Siglo XX</subfield>
  </datafield>
  <datafield tag="650" ind1="1" ind2="4">
    <subfield code="2">LEMB</subfield>
    <subfield code="a">Geopol&#xED;tica</subfield>
    <subfield code="y">siglo XX</subfield>
  </datafield>
  <datafield tag="740" ind1="0" ind2="2">
    <subfield code="a">|g tomo 1 -- El fin de la esclavitud, c&#xF3;mo instituci&#xF3;n en el mundo -- El gram&#xF3;fono, el origen de la reproducci&#xF3;n musical -- El nacimiento del cine -- El psicoan&#xE1;lisis, la formulaci&#xF3;n del inconsciente -- La olimpiadas modernas -- La aviaci&#xF3;n, el sue&#xF1;o de &#xCD;caro -- La revoluci&#xF3;n bolchevique -- El fascismo, la marcha sobre Roma -- Mahatma Gandhi, lidera la marcha de la sal -- Guerra civil espa&#xF1;ola -- El existencialismo, la filosof&#xED;a de un mundo en crisis </subfield>
  </datafield>
  <datafield tag="740" ind1="0" ind2="2">
    <subfield code="a">g tomo 2 -- El sintetizador Moog -- Las dictaduras militares del cono sur -- La cultura pop -- La llegada del hombre a la luna -- Woodstock, el hippismo y la contracultura -- El cordobazo, movimientos estudiantiles en Am&#xE9;rica latina -- Los videojuegos -- La crisis energ&#xE9;tica -- La revoluci&#xF3;n de los claveles -- Revoluci&#xF3;n sandinista en Nicaragua -- La revoluci&#xF3;n fundamentalista isl&#xE1;mica-iran&#xED; -- La guerra de las Malvinas</subfield>
  </datafield>
  <datafield tag="942" ind1=" " ind2=" ">
    <subfield code="2">ddc</subfield>
    <subfield code="c">BK</subfield>
  </datafield>
  <datafield tag="264" ind1=" " ind2=" ">
    <subfield code="a">Bogot&#xE1;</subfield>
    <subfield code="b">Aguilar</subfield>
    <subfield code="b">Santillana</subfield>
    <subfield code="c">2013</subfield>
  </datafield>
  <datafield tag="336" ind1=" " ind2=" ">
    <subfield code="a">texto</subfield>
    <subfield code="b">txt</subfield>
    <subfield code="2">rdacontent</subfield>
  </datafield>
  <datafield tag="337" ind1=" " ind2=" ">
    <subfield code="a">sin mediaci&#xF3;n</subfield>
    <subfield code="b">n</subfield>
    <subfield code="2">rdamedia</subfield>
  </datafield>
  <datafield tag="338" ind1=" " ind2=" ">
    <subfield code="a">volumen</subfield>
    <subfield code="b">nc</subfield>
    <subfield code="2">rdacarrier</subfield>
  </datafield>
  <datafield tag="040" ind1=" " ind2=" ">
    <subfield code="a">CO-BoRNBP</subfield>
    <subfield code="b">spa</subfield>
    <subfield code="e">rda</subfield>
    <subfield code="c">CO-BoRNBP</subfield>
  </datafield>
  <datafield tag="999" ind1=" " ind2=" ">
    <subfield code="c">6939</subfield>
    <subfield code="d">6939</subfield>
  </datafield>
</record>
